British Formula 1 drivers with a podium - Statistics

General Stats
  • This quiz has been taken 145 times
    112 since last reset
  • The average score is 20 of 41
Answer Stats
Number of podiums Driver % Correct
183 Lewis Hamilton
100%
42 Damon Hill
94%
36 Graham Hill
94%
59 Nigel Mansell
93%
50 Jenson Button
91%
5 Lando Norris
91%
2 George Russell
90%
32 Jim Clark
90%
43 Jackie Stewart
88%
62 David Coulthard
83%
18 Mike Hawthorn
81%
24 John Surtees
80%
24 Stirling Moss
77%
23 James Hunt
76%
26 Eddie Irvine
67%
10 Tony Brooks
61%
7 Johnny Herbert
60%
20 John Watson
60%
9 Martin Brundle
57%
9 Peter Collins
55%
3 Mark Blundell
45%
4 Derek Warwick
41%
4 Innes Ireland
38%
1 Peter Gethin
33%
2 Tom Pryce
26%
2 Stuart Lewis-Evans
22%
2 Mike Hailwood
19%
2 Roy Salvadori
17%
2 Jackie Oliver
16%
2 Piers Courage
16%
2 Mike Parkes
15%
1 Trevor Taylor
15%
2 Peter Arundell
14%
1 Richard Attwood
14%
1 Reg Parnell
11%
1 Cliff Allison
10%
1 Mike Spence
9%
1 Peter Whitehead
9%
1 Bob Anderson
8%
1 Brian Redman
8%
1 Ron Flockhart
7%
No matching quizzes found
Score Distribution
Percent of People with Each Score
Percentile by Number Answered
Your Score History
You have not taken this quiz since the last reset